Catálogo público

Historia del azúcar en México (Record no. 5948)

MARC details
000 -CABECERA
campo de control de longitud fija 01305nam a22003737a 4500
003 - IDENTIFICADOR DEL NÚMERO DE CONTROL
campo de control CHAP
005 - FECHA Y HORA DE LA ÚLTIMA TRANSACCIÓN
campo de control 20241105180613.0
008 - DATOS DE LONGITUD FIJA--INFORMACIÓN GENERAL
campo de control de longitud fija 971013s1988 r 00010 d
010 ## - NÚMERO DE CONTROL DE LA BIBLIOTECA DEL CONGRESO
Número de control de LC 5948
011 ## - ENLACE DEL NUMERO DE CONTROL DE LA BIBLIOTECA DEL CONGRESO [OBSOLETO]
Número de control de LC 6920
035 ## - NÚMERO DE CONTROL DEL SISTEMA
Número de control de sistema 6143
040 ## - FUENTE DE LA CATALOGACIÓN
Centro/agencia transcriptor CHAP
082 ## - NÚMERO DE LA CLASIFICACIÓN DECIMAL DEWEY
Número de clasificación 633.6
Número de documento/Ítem A9
100 00 - ENTRADA PRINCIPAL--NOMBRE DE PERSONA
Nombre de persona Azúcar, S.A. México.
9 (RLIN) 9184
245 ## - MENCIÓN DE TÍTULO
Título Historia del azúcar en México
260 ## - PUBLICACIÓN, DISTRIBUCIÓN, ETC.
Lugar de publicación, distribución, etc. México, D.F. :
Nombre del editor, distribuidor, etc. Fondo de Cultura Económica,
Fecha de publicación, distribución, etc. 1988
300 ## - DESCRIPCIÓN FÍSICA
Extensión 2v.
Otras características físicas : ilus.
500 ## - NOTA GENERAL
Nota general 60-90
590 ## - NOTA LOCAL (RLIN)
Nota local BATCH-UPD
Procedencia (VM) [OBSOLETO] 10
Condición del los carretes individuales (VM) [OBSOLETO] 20130110
-- UCH01
-- 1331
590 ## - NOTA LOCAL (RLIN)
Nota local BATCH-UPD
Procedencia (VM) [OBSOLETO] 10
Condición del los carretes individuales (VM) [OBSOLETO] 20130410
-- UCH01
-- 0836
590 ## - NOTA LOCAL (RLIN)
Nota local BATCH-UPD
Procedencia (VM) [OBSOLETO] 10
Condición del los carretes individuales (VM) [OBSOLETO] 20130914
-- UCH01
-- 0509
590 ## - NOTA LOCAL (RLIN)
Nota local CONVERSION
Procedencia (VM) [OBSOLETO] 10
Condición del los carretes individuales (VM) [OBSOLETO] 20130109
-- UCH01
-- 1304
650 14 - PUNTO DE ACCESO ADICIONAL DE MATERIA--TÉRMINO DE MATERIA
Término de materia o nombre geográfico como elemento de entrada Azúcar
Subdivisión general Historia.
9 (RLIN) 9157
650 14 - PUNTO DE ACCESO ADICIONAL DE MATERIA--TÉRMINO DE MATERIA
Término de materia o nombre geográfico como elemento de entrada Azúcar
Subdivisión general México.
9 (RLIN) 9167
650 14 - PUNTO DE ACCESO ADICIONAL DE MATERIA--TÉRMINO DE MATERIA
Término de materia o nombre geográfico como elemento de entrada Industria azucarera
Subdivisión general Historia.
9 (RLIN) 57786
650 17 - PUNTO DE ACCESO ADICIONAL DE MATERIA--TÉRMINO DE MATERIA
Término de materia o nombre geográfico como elemento de entrada Industria azucarera
Subdivisión geográfica México
Fuente del encabezamiento o término
9 (RLIN) 57791
700 0# - PUNTO DE ACCESO ADICIONAL--NOMBRE DE PERSONA
Nombre de persona Crespo, Horacio.
9 (RLIN) 28910
901 ## - ELEMENTOS DE DATOS A LOCAL LDA (RLIN)
a BK
942 ## - ELEMENTOS DE PUNTO DE ACCESO ADICIONAL (KOHA)
Tipo de ítem Koha Libro
949 ## - PROCESAMIENTO DE INFORMACIÓN LOCAL (OCLC)
a 633.6 A9
b BC
c LIBRO
d 33724000195350
e LIBRO
f v.1 c.2
h 82874
i 6143
s i
949 ## - PROCESAMIENTO DE INFORMACIÓN LOCAL (OCLC)
a 633.6 A9
b BC
c LIBRO
d 33724000195442
e LIBRO
f v.2
g I.163979
h 26036
i 6143
s i
949 ## - PROCESAMIENTO DE INFORMACIÓN LOCAL (OCLC)
a 633.6 A9
b BC
c LIBRO
d 33724000195459
e LIBRO
f v.2 c.2
h 82875
i 6143
s i
949 ## - PROCESAMIENTO DE INFORMACIÓN LOCAL (OCLC)
a 633.6 A9
b BC
c LIBRO
d 33724000936357
e LIBRO
f v.1
g I.163978
h 67293
i 6143
s i
Holdings
Estado de retiro Estado de pérdida Fuente del sistema de clasificación o colocación Estado dañado Restricciones de uso No para préstamo Código de colección Localización permanente Ubicación/localización actual Ubicación en estantería Fecha de adquisición Fuente de adquisición Información codificada de la localización en otra ubicación Total de préstamos Signatura topográfica completa Código de barras Fecha visto por última vez Número de copia Precio válido a partir de Tipo de ítem Koha
    Clasificación Universidad Autónoma de Chapingo   Préstamo 15 días   General Biblioteca Central Biblioteca Central Planta principal - Colección General 31/12/2019 I.163978 LIBRO   633.6 A9 33724000195350 31/12/2019 v.1 c.2 31/12/2019 Libro
    Clasificación Universidad Autónoma de Chapingo   Préstamo 15 días   General Biblioteca Central Biblioteca Central Planta principal - Colección General 31/12/2019 I.163979 LIBRO   633.6 A9 33724000195459 31/12/2019 v.2 c.2 31/12/2019 Libro
    Clasificación Universidad Autónoma de Chapingo   Préstamo 15 días   General Biblioteca Central Biblioteca Central Planta principal - Colección General 31/12/2019   LIBRO   633.6 A9 33724000936357 31/12/2019 v.1 31/12/2019 Libro
    Clasificación Universidad Autónoma de Chapingo   Préstamo 15 días   General Biblioteca Central Biblioteca Central Planta principal - Colección General 31/12/2019   LIBRO   633.6 A9 33724000195442 31/12/2019 v.2 31/12/2019 Libro